000 00730cam a22002291 4500
001 l 62000038
003 DLC
005 20260227111546.0
008 820907s1962 dcua f000 0 eng c
010 _al 62000038
035 _a(OCoLC)8750097
040 _aU.S. Dept. of Labor. Library
_cMBU
_dDLC
042 _apremarc
050 0 0 _aHD5723
_b.A5123 1962
110 1 _aUnited States.
_bBureau of Labor Statistics.
245 0 0 _aUnemployment, employment, and labor force, 1947-61:
_boriginal and seasonally adjusted data.
260 _a[Washington]
_c1962.
300 _a36 p. (chiefly tables)
_c27 cm.
500 _aCover title.
650 0 _aUnemployed
_zUnited States
_vStatistics.
650 0 _aLabor supply
_vStatistics.
999 _c37070
_d37070